00529nam a22001457a 450000500170000001000130001702000260003003700220005624501150007826000390019327000790023230000280031170000180033970000260035720211006115739.0 aEN230921 a9789353882310c525.00 bSage Publications aAncient and medieval Indian thought:bthemes and traditions /cedited by Ankit Tomar [and] Suratha Kumar Malik aNew DelhibSage Publicationsc2020 aB1/I-1, Mohan Cooperative Industrial Area, Mathura RoadbNew Delhie110044 axliii, 264p.c24cm(pbk) aTomar, Ankit  aMalik, Suratha Kumar